[Event "51st World Juniors"]
[Site "Athens GRE"]
[Date "2012.08.14"]
[Round "12.46"]
[White "Krysa, Leandro"]
[Black "Liodakis, Konstantinos-Spyros"]
[Result "1-0"]
[WhiteTitle "IM"]
[WhiteElo "2438"]
[BlackElo "2130"]
[WhiteFideId "116807"]
[BlackFideId "4217136"]
[EventDate "2012.08.02"]

1. Nf3 Nf6 2. c4 e6 3. g3 d5 4. Bg2 c5 5. cxd5 exd5 6. d4 Nc6 7. O-O Be7 8. Nc3
O-O 9. Bg5 c4 10. Ne5 Be6 11. f4 Nxe5 12. dxe5 Ng4 13. Bxe7 Qxe7 14. Qd4 Rad8
15. f5 Qg5 16. fxe6 fxe6 17. Bh3 h5 18. Bxg4 hxg4 19. Nb5 Qg6 20. Nd6 Qc2 21.
Qxg4 Qxb2 22. Qxe6+ Kh7 23. Nf7 Qd4+ 24. Kh1 g6 25. Qh3+ 1-0

[Event "51st World Juniors"]
[Site "Athens GRE"]
[Date "2012.08.14"]
[Round "12.47"]
[White "Rios, Cristhian Camilo"]
[Black "Vandevenne, Sander"]
[Result "1/2-1/2"]
[WhiteTitle "FM"]
[WhiteElo "2398"]
[BlackElo "2083"]
[WhiteFideId "4403940"]
[BlackFideId "223000"]
[EventDate "2012.08.02"]

1. d4 e6 2. c4 d5 3. Nc3 Nf6 4. Bg5 Nbd7 5. Nf3 c6 6. cxd5 exd5 7. Qc2 h6 8. Bf4
Nh5 9. Bg3 Nxg3 10. hxg3 Bd6 11. e3 Nf6 12. Bd3 Be6 13. Nh4 Qe7 14. Nf5 Bxf5 15.
Bxf5 g6 16. Bd3 Kf8 17. O-O-O Kg7 18. Kb1 Rac8 19. Rh4 b6 20. Ka1 a5 21. Be2 c5
22. Qb3 c4 23. Qb5 Bb4 24. Rc1 Rhd8 25. Bf3 Qd7 26. Qxd7 Rxd7 27. Nb5 Rdd8 28.
a3 Be7 29. Rh3 h5 30. Rhh1 Ng4 31. Rc2 Nf6 32. Rhc1 a4 33. Bd1 Ra8 34. Nc3 Ra5
35. Na2 b5 36. Bf3 Ra6 37. Rc3 1/2-1/2

[Event "51st World Juniors"]
[Site "Athens GRE"]
[Date "2012.08.14"]
[Round "12.49"]
[White "Wageih, Kareim"]
[Black "Kalogridakis, Georgios"]
[Result "1-0"]
[WhiteTitle "IM"]
[WhiteElo "2332"]
[BlackElo "2017"]
[WhiteFideId "10604561"]
[BlackFideId "4249666"]
[EventDate "2012.08.02"]

1. d4 d5 2. Nf3 Nf6 3. e3 e6 4. Bd3 Be7 5. O-O O-O 6. Nbd2 b6 7. e4 dxe4 8. Nxe4
Bb7 9. Qe2 Nbd7 10. Re1 Rc8 11. Neg5 Bd6 12. Ne5 c5 13. Nexf7 Rxf7 14. Nxf7
Bxh2+ 15. Kxh2 Kxf7 16. Qxe6+ Kf8 17. Bc4 Qc7+ 18. Kg1 Nb8 19. Bf4 Qd7 20. Bd6+ 1-0

[Event "51st World Juniors"]
[Site "Athens GRE"]
[Date "2012.08.14"]
[Round "12.50"]
[White "Muhammad, Luthfi Ali"]
[Black "Leiva, Giuseppe"]
[Result "1/2-1/2"]
[WhiteTitle "CM"]
[BlackTitle "FM"]
[WhiteElo "2078"]
[BlackElo "2283"]
[WhiteFideId "7103743"]
[BlackFideId "3804399"]
[EventDate "2012.08.02"]

1. e4 c5 2. Nf3 d6 3. d4 cxd4 4. Nxd4 Nf6 5. Nc3 a6 6. Bc4 e6 7. O-O Be7 8. Bb3
O-O 9. f4 b5 10. f5 b4 11. Na4 e5 12. Ne2 Bb7 13. Ng3 Nxe4 14. Nxe4 Bxe4 15. Qg4
d5 16. Bh6 Bf6 17. Bxg7 Bxg7 18. f6 Bg6 19. fxg7 Kxg7 20. Qxb4 Nc6 21. Qc5 Nd4
22. Qxd5 Qxd5 23. Bxd5 Rad8 24. c4 Nc2 25. Rac1 Ne3 26. Rfe1 Nxd5 27. cxd5 Rxd5
28. Rc5 Rd4 29. Nc3 e4 30. Rd1 Rb4 31. b3 Rb6 32. Kf2 f5 33. Rd7+ Kh6 34. Nd5
Re6 35. Ke3 Rfe8 36. Nf4 R8e7 37. Rd8 Re5 38. Rc6 Ra5 39. h4 Rxa2 40. h5 Rb7 41.
hxg6 Rxb3+ 42. Kd4 Rd2+ 43. Ke5 Rxd8 44. g7+ Kxg7 45. Ne6+ Kg6 46. Nxd8+ Kg5 47.
Nf7+ Kg4 48. Nh6+ Kg5 49. Nf7+ 1/2-1/2

[Event "51st World Juniors"]
[Site "Athens GRE"]
[Date "2012.08.14"]
[Round "12.51"]
[White "Torkkola, Henri"]
[Black "Michelakos, Panagiotis"]
[Result "1-0"]
[WhiteElo "2123"]
[BlackElo "2185"]
[WhiteFideId "507660"]
[BlackFideId "4216067"]
[EventDate "2012.08.02"]

1. d4 Nf6 2. g3 g6 3. Bg2 Bg7 4. e4 d6 5. Ne2 O-O 6. Nbc3 Nbd7 7. O-O c5 8. h3
cxd4 9. Nxd4 Nc5 10. Re1 Ne6 11. Nb3 Bd7 12. e5 dxe5 13. Bxb7 Rb8 14. Bg2 Ne8
15. Be3 a5 16. Ba7 Rc8 17. Nd5 Rc6 18. Bb6 Rxb6 19. Nxb6 Qxb6 20. Qxd7 Nd6 21.
Qa4 Nd4 22. Nxd4 exd4 23. Rxe7 Qxb2 24. Rae1 Bf6 25. R7e2 Qb6 26. Qb3 Qc5 27.
Rb1 Kg7 28. Qb6 Qc4 29. Ree1 Rd8 30. Qb3 Qc5 31. Bf1 h5 32. h4 Qf5 33. Qd3 Qc5
34. Rb3 a4 35. Rbb1 Rc8 36. Qa6 a3 37. Bd3 Rc6 38. Qa4 Nc4 39. Rb5 Qd6 40. Bxc4
Bxh4 41. Rd5 Qc7 42. Qa5 Rxc4 43. Qxc7 Rxc7 44. gxh4 Rxc2 45. Rxd4 Rxa2 46. Ra4
Rb2 47. Ra1 f6 48. R1xa3 Rb5 49. Kg2 g5 50. Ra5 1-0

[Event "51st World Juniors"]
[Site "Athens GRE"]
[Date "2012.08.14"]
[Round "12.52"]
[White "Zeppos, Panagiotis"]
[Black "Edwards, Jonathan"]
[Result "1-0"]
[WhiteElo "1978"]
[BlackElo "2170"]
[WhiteFideId "4228383"]
[BlackFideId "2402912"]
[EventDate "2012.08.02"]

1. Nf3 Nf6 2. c4 g6 3. Nc3 Bg7 4. d4 d6 5. e4 O-O 6. Be2 e5 7. O-O Nc6 8. d5 Ne7
9. b4 Nh5 10. g3 f5 11. Ng5 Nf6 12. Bf3 fxe4 13. Ngxe4 Nxe4 14. Nxe4 a5 15. Ba3
axb4 16. Bxb4 b6 17. a4 Ba6 18. Ng5 Bxc4 19. Ne6 Qb8 20. Nxf8 Qxf8 21. Re1 Nf5
22. Rc1 Nd4 23. Bg2 Bb3 24. Qd3 Rxa4 25. Rxc7 e4 26. Qd2 e3 27. fxe3 Nb5 28.
Rcc1 Ra2 29. Rf1 Qa8 30. Qd3 1-0

[Event "51st World Juniors"]
[Site "Athens GRE"]
[Date "2012.08.14"]
[Round "12.53"]
[White "Stepanyan, Henrik"]
[Black "Nadirashvili, Shalva"]
[Result "0-1"]
[WhiteElo "2022"]
[BlackElo "2151"]
[WhiteFideId "401030"]
[BlackFideId "13601512"]
[EventDate "2012.08.02"]

1. c4 g6 2. Nc3 Bg7 3. d4 d6 4. e4 e5 5. d5 Nd7 6. Bd3 a5 7. Nge2 Nc5 8. Bc2 Ne7
9. O-O O-O 10. f4 exf4 11. Bxf4 Bg4 12. Qd2 Bxe2 13. Qxe2 Nd7 14. Rf3 Ne5 15.
Bxe5 Bxe5 16. Raf1 Nc8 17. Nd1 Nb6 18. Rh3 Qe7 19. b3 Nd7 20. Nf2 Bg7 21. Ng4 f5
22. Nf2 Nc5 23. Qd2 fxe4 24. Re1 Rf5 25. Nd3 Bd4+ 26. Kh1 exd3 0-1

[Event "51st World Juniors"]
[Site "Athens GRE"]
[Date "2012.08.14"]
[Round "12.54"]
[White "Poulopoulos, Ioannis"]
[Black "Naoum, Spyridon"]
[Result "0-1"]
[WhiteElo "2007"]
[BlackElo "2146"]
[WhiteFideId "4218078"]
[BlackFideId "4227506"]
[EventDate "2012.08.02"]

1. e4 c5 2. Nf3 e6 3. d4 cxd4 4. Nxd4 a6 5. Nc3 Qc7 6. Bd3 Bc5 7. Nb3 Be7 8. O-O
d6 9. f4 Nf6 10. e5 dxe5 11. fxe5 Nfd7 12. Qg4 g6 13. Bf4 Nc6 14. Rae1 b5 15.
Qg3 g5 16. Bxg5 Rg8 17. Qf4 Rxg5 18. Qxf7+ Kd8 19. Kh1 Ncxe5 20. Qxh7 Nf6 21.
Qh8+ Rg8 22. Qh3 Nf7 23. Ne4 Rh8 24. Qg3 Qxg3 25. Nxg3 Ng5 26. Ne4 Ngxe4 27.
Bxe4 Nxe4 28. Rxe4 Bd6 29. h3 e5 30. Rd1 Kc7 31. Re3 Rh6 32. Rc3+ Kb6 33. Rcd3
Bc7 34. Rg3 Bb7 35. Rd7 Bc6 36. Re7 Rd8 37. Kg1 Bd6 38. Rf7 Bd5 39. Rf1 Bc4 40.
Re1 a5 41. Kh1 Bc7 42. Rge3 Rg6 43. g4 a4 0-1

[Event "51st World Juniors"]
[Site "Athens GRE"]
[Date "2012.08.14"]
[Round "12.55"]
[White "Dounis, Alexandros"]
[Black "Jefic, Srdjan"]
[Result "1-0"]
[WhiteElo "2298"]
[BlackElo "2165"]
[WhiteFideId "4213238"]
[BlackFideId "14403080"]
[EventDate "2012.08.02"]

1. d4 d5 2. Nf3 Nf6 3. c4 c6 4. Nbd2 Bf5 5. Nh4 Bg6 6. Qb3 Qc7 7. Nxg6 hxg6 8.
g3 e6 9. Bg2 Nbd7 10. O-O Be7 11. Rd1 O-O 12. e4 dxe4 13. Nxe4 Nxe4 14. Bxe4 Nf6
15. Bf3 Rfd8 16. Be3 Rac8 17. Rac1 Qb8 18. Qc3 Rd7 19. a4 Rcd8 20. b4 Qc7 21.
Qb3 b6 22. b5 cxb5 23. axb5 e5 24. Bc6 exd4 25. Bd2 Bc5 26. Bxd7 Qxd7 27. Qf3
Ng4 28. h3 Ne5 29. Qe4 Re8 30. Re1 f5 31. Qg2 Nd3 32. Qd5+ Qxd5 33. Rxe8+ Kf7
34. cxd5 Kxe8 35. Ra1 Kd7 36. Rxa7+ Kd6 37. Rxg7 Kxd5 38. Kg2 Ne5 39. Bf4 Nc4
40. Rxg6 d3 41. Kf3 Na3 42. h4 Nxb5 43. h5 1-0

[Event "51st World Juniors"]
[Site "Athens GRE"]
[Date "2012.08.14"]
[Round "12.56"]
[White "Capone, Nicola"]
[Black "Haarr, Jon Kristian"]
[Result "0-1"]
[WhiteElo "2120"]
[BlackElo "2245"]
[WhiteFideId "224715"]
[BlackFideId "1505963"]
[EventDate "2012.08.02"]

1. e4 c6 2. d4 d5 3. Nc3 dxe4 4. Nxe4 Nd7 5. Nf3 Ngf6 6. Ng3 e6 7. Be2 Bd6 8.
O-O Qc7 9. b3 b6 10. Bb2 h5 11. Re1 h4 12. Nf1 Bb7 13. Bd3 c5 14. Qe2 Nd5 15.
Be4 N7f6 16. N1d2 O-O-O 17. dxc5 Qxc5 18. Qc4 Rh5 19. Qxc5+ Bxc5 20. Bxd5 Rhxd5
21. Bxf6 gxf6 22. Ne4 Be7 23. c4 Rd3 24. Kf1 h3 25. Ned2 Rxd2 26. Nxd2 Rxd2 27.
gxh3 Bc5 28. Re2 Rd3 29. Rc2 Rxh3 30. Ke2 Bf3+ 31. Kd2 Be4 0-1

[Event "51st World Juniors"]
[Site "Athens GRE"]
[Date "2012.08.14"]
[Round "12.57"]
[White "Larmuseau, Michiel"]
[Black "Caetano, Hugo Zanotti Mendonca"]
[Result "1-0"]
[WhiteElo "2154"]
[BlackElo "2109"]
[WhiteFideId "263214"]
[BlackFideId "2119420"]
[EventDate "2012.08.02"]

1. e4 c5 2. Nf3 Nc6 3. Bb5 g6 4. O-O Bg7 5. Re1 e6 6. Bxc6 bxc6 7. e5 Ne7 8. d3
O-O 9. Nc3 Rb8 10. Ne4 Nd5 11. c4 Nb4 12. Bg5 f6 13. exf6 Bxf6 14. Nxf6+ Rxf6
15. Qd2 Qf8 16. Bxf6 Qxf6 17. Re2 d6 18. a3 Na6 19. d4 d5 20. Rae1 cxd4 21. Qxd4
Qxd4 22. Nxd4 Nc5 23. Nxc6 Rb7 24. cxd5 Rc7 25. Rc2 Nd3 26. Re3 Ba6 27. dxe6 Kf8
28. h3 Ke8 29. b4 Nf4 30. a4 Bd3 31. Rc5 Bf5 32. Nd4 Rb7 33. Nxf5 gxf5 34. e7
Rb8 35. Rxf5 Ng6 36. b5 1-0

[Event "51st World Juniors"]
[Site "Athens GRE"]
[Date "2012.08.14"]
[Round "12.58"]
[White "Zulfic, Fedja"]
[Black "Kvaratskhelia, Dimitri"]
[Result "1/2-1/2"]
[WhiteElo "2135"]
[BlackElo "2093"]
[WhiteFideId "3208427"]
[BlackFideId "13604295"]
[EventDate "2012.08.02"]

1. e4 c5 2. Nf3 e6 3. d4 cxd4 4. Nxd4 a6 5. Bd3 Nc6 6. Nxc6 dxc6 7. Nd2 e5 8.
Nc4 Bd6 9. Be2 Bc7 10. Qxd8+ Kxd8 11. Be3 Nf6 12. O-O-O+ Ke8 13. f3 Be6 14. Rd2
Rd8 15. Rxd8+ Kxd8 16. Rd1+ Kc8 17. Bc5 Rd8 18. Nb6+ Bxb6 19. Bxb6 Rxd1+ 20.
Kxd1 Nd7 21. Be3 Kc7 22. b3 c5 23. c3 Kc6 24. Kc2 b5 25. g3 f6 26. Kb2 a5 27. a3
Nb6 28. Kc2 Nc8 29. b4 cxb4 30. cxb4 a4 31. Bc5 g6 32. Kc3 Nb6 33. Bxb6 Kxb6 34.
Kd2 1/2-1/2

[Event "51st World Juniors"]
[Site "Athens GRE"]
[Date "2012.08.14"]
[Round "12.59"]
[White "Jones, William E G"]
[Black "Tsiros, Fragkiskos Vlasios"]
[Result "1/2-1/2"]
[WhiteElo "2127"]
[BlackElo "1897"]
[WhiteFideId "470554"]
[BlackFideId "4228200"]
[EventDate "2012.08.02"]

1. e4 c5 2. Nf3 d6 3. d4 cxd4 4. Nxd4 Nf6 5. Nc3 a6 6. Be3 Ng4 7. Bg5 h6 8. Bh4
g5 9. Bg3 Bg7 10. h3 Ne5 11. f3 Nbc6 12. Bf2 Be6 13. Qd2 Rc8 14. O-O-O Nxd4 15.
Bxd4 Qa5 16. a3 O-O 17. h4 Bc4 18. hxg5 hxg5 19. Qf2 Ng6 20. Bxc4 Rxc4 21. Bxg7
Kxg7 22. Rd5 Rc5 23. Qg3 f6 24. Qg4 Qc7 25. Rxc5 Qxc5 26. Nd5 Qc8 27. Qxc8 Rxc8
28. Kd2 e6 29. Ne3 Ne5 30. a4 Nc4+ 31. Nxc4 Rxc4 32. Ra1 g4 33. Ra3 gxf3 34.
gxf3 b6 35. Kd3 Rc6 36. b4 d5 37. exd5 exd5 38. Rc3 Rxc3+ 39. Kxc3 Kf7 40. a5
bxa5 41. bxa5 Ke6 42. Kd4 Kd6 43. f4 Kc6 44. c3 Kd6 45. f5 Kc6 46. c4 dxc4 47.
Kxc4 1/2-1/2

[Event "51st World Juniors"]
[Site "Athens GRE"]
[Date "2012.08.14"]
[Round "12.60"]
[White "Du Plessis, Heinco"]
[Black "Papasimakopoulos, Vasilios"]
[Result "1-0"]
[WhiteElo "2075"]
[BlackElo "1820"]
[WhiteFideId "14306263"]
[BlackFideId "4244141"]
[EventDate "2012.08.02"]

1. e4 e6 2. b3 d5 3. Bb2 Nf6 4. e5 Nfd7 5. Qg4 c5 6. f4 b6 7. Nf3 Ba6 8. d3 Nc6
9. Be2 h5 10. Qg3 g6 11. Nbd2 Nb4 12. Kd1 Be7 13. a3 Nc6 14. c4 d4 15. Ne4 Rb8
16. a4 Bb7 17. Nfg5 Nf8 18. Qh3 Bxg5 19. fxg5 Nxe5 20. Qg3 Nfd7 21. Nf6+ Kf8 22.
Rf1 Kg7 23. Qf4 Qe7 24. Rf2 Rhf8 25. Kd2 Nc6 26. Raf1 Na5 27. Kc2 Bc6 28. Qh4
Rh8 29. Nxd7 Qxd7 30. Rxf7+ Qxf7 31. Rxf7+ Kxf7 32. Qf4+ Ke7 33. Qf6+ Kd7 34.
Qg7+ Kd6 35. Bc1 Rhe8 36. Qxg6 Kc7 37. Bxh5 Kb7 38. Qg7+ Ka6 39. Bxe8 Rxe8 40.
g6 e5 41. Qf7 e4 42. g7 exd3+ 43. Kxd3 Nxb3 44. Qxe8 1-0

[Event "51st World Juniors"]
[Site "Athens GRE"]
[Date "2012.08.14"]
[Round "12.61"]
[White "Alexiadis, Hristos"]
[Black "Haria, Ravi"]
[Result "0-1"]
[WhiteElo "1769"]
[BlackElo "2054"]
[WhiteFideId "4249623"]
[BlackFideId "415820"]
[EventDate "2012.08.02"]

1. e4 c5 2. Nf3 d6 3. d4 cxd4 4. Nxd4 Nf6 5. Nc3 Nc6 6. Bc4 e6 7. Be3 Be7 8. Qe2
Bd7 9. O-O-O Rc8 10. h3 Ne5 11. Bb3 Rxc3 12. bxc3 Nxe4 13. Bd2 d5 14. Nf3 Ng6
15. g3 O-O 16. h4 Ba3+ 17. Kb1 Qf6 18. Qe3 Rc8 19. Nd4 Qxf2 20. Qd3 Ne5 21. Qe2
a5 22. Be1 Qxe2 23. Nxe2 Rc5 24. Nf4 Bc6 25. Nd3 Nxd3 26. cxd3 Nxc3+ 27. Bxc3
Rxc3 28. Rh2 Bb5 29. Bc2 d4 30. Re2 Bc6 31. Rf1 Bd5 32. g4 Be7 33. g5 b5 34. Rf4
Bc5 35. h5 Ra3 36. Bd1 Rxd3 37. Bc2 Rf3 38. Rxf3 Bxf3 39. Re5 Bd5 40. Bd3 b4 41.
Re1 b3 42. axb3 Bb4 43. Re2 Bxb3 44. Re4 Bc3 45. Re5 Bd5 46. Bc4 Bxc4 47. Rc5
Bd3+ 48. Kc1 Kf8 49. Rc8+ Ke7 50. Rc7+ Ke8 51. g6 hxg6 52. Rc8+ Kd7 53. Rg8 Ke7
54. h6 gxh6 55. Rh8 h5 0-1

[Event "51st World Juniors"]
[Site "Athens GRE"]
[Date "2012.08.14"]
[Round "12.62"]
[White "Zwakala, Ntando"]
[Black "Cajahuanca Ramirez, Olindo"]
[Result "1-0"]
[WhiteElo "2054"]
[BlackElo "1856"]
[WhiteFideId "14308967"]
[BlackFideId "3811530"]
[EventDate "2012.08.02"]

1. e4 c5 2. Nf3 d6 3. d4 cxd4 4. Nxd4 Nf6 5. Nc3 a6 6. Bg5 Nbd7 7. f4 e6 8. Qf3
Qc7 9. O-O-O b5 10. Bd3 Bb7 11. g4 Be7 12. Kb1 h6 13. Bxf6 Bxf6 14. Bxb5 axb5
15. Ndxb5 Qb8 16. Nxd6+ Kf8 17. g5 Be7 18. Ndb5 Bc6 19. Nd4 Qb7 20. g6 Nf6 21.
Rhe1 Rc8 22. gxf7 Kxf7 23. Qh3 Bd7 24. e5 Bb4 25. Re3 Bxc3 26. Rxc3 Rxc3 27.
Qxc3 Nd5 28. Qf3 Rc8 29. Ka1 Rb8 30. b3 Qa7 31. f5 Ra8 32. fxe6+ Kg8 33. Qf7+
Kh8 34. a4 Ne3 35. exd7 Qc5 36. Rd3 Qxe5 37. Ka2 Nd5 38. Nc6 Nc3+ 39. Rxc3 Qxc3
40. Qe8+ Kh7 41. Qe4+ 1-0

[Event "51st World Juniors"]
[Site "Athens GRE"]
[Date "2012.08.14"]
[Round "12.63"]
[White "Zervos, Lazaros"]
[Black "Kalofonos, Panayotis"]
[Result "1/2-1/2"]
[WhiteElo "1799"]
[BlackElo "1806"]
[WhiteFideId "4238362"]
[BlackFideId "4233824"]
[EventDate "2012.08.02"]

1. e4 c5 2. Nf3 d6 3. d4 cxd4 4. Nxd4 Nf6 5. Nc3 a6 6. Bg5 Nbd7 7. f4 Qc7 8. Qd2
b5 9. a3 Bb7 10. Bd3 e6 11. Bxf6 Nxf6 12. O-O Be7 13. Rae1 Nd7 14. Kh1 O-O 15.
Qe2 Bf6 16. Qf2 Qb6 17. Nce2 Qa7 18. b4 Rac8 19. Rc1 Qa8 20. Ng3 Qa7 21. Nge2
Qa8 22. Ng3 Qa7 23. Nge2 Qa8 24. Ng3 1/2-1/2

[Event "51st World Juniors"]
[Site "Athens GRE"]
[Date "2012.08.14"]
[Round "12.64"]
[White "Wu, Kevin"]
[Black "Panagos, Theodoros"]
[Result "1-0"]
[WhiteElo "1905"]
[BlackElo "1768"]
[WhiteFideId "2609720"]
[BlackFideId "4236955"]
[EventDate "2012.08.02"]

1. e4 c5 2. d4 cxd4 3. c3 dxc3 4. Nxc3 Nc6 5. Nf3 g6 6. Bc4 Bg7 7. e5 Nxe5 8.
Nxe5 Bxe5 9. Bxf7+ Kxf7 10. Qd5+ e6 11. Qxe5 Qf6 12. Qc7 Ne7 13. O-O Nf5 14. Ne4
Qd4 15. Ng5+ Ke8 16. Bf4 Rf8 17. Rad1 Qxb2 18. Nxe6 Rg8 19. Rfe1 Qxa2 20. Qd8+
Kf7 21. Rxd7+ Bxd7 22. Qxd7+ 1-0

[Event "51st World Juniors"]
[Site "Athens GRE"]
[Date "2012.08.15"]
[Round "13.1"]
[White "Ding, Liren"]
[Black "Rapport, Richard"]
[Result "1/2-1/2"]
[WhiteTitle "GM"]
[BlackTitle "GM"]
[WhiteElo "2695"]
[BlackElo "2605"]
[WhiteFideId "8603677"]
[BlackFideId "738590"]
[EventDate "2012.08.02"]

1. d4 d5 2. c4 c6 3. Nf3 Nf6 4. Nc3 dxc4 5. a4 Bf5 6. Ne5 e6 7. f3 c5 8. e4 Bg6
9. Be3 cxd4 10. Qxd4 Qxd4 11. Bxd4 Nfd7 12. Nxd7 Nxd7 13. Bxc4 Rc8 14. Bb3 a6
15. h4 h5 16. Rd1 Nb8 17. Rd2 Rg8 18. Kf2 Rd8 19. Rhd1 Rxd4 20. Rxd4 Bc5 21. Kg3
Bxd4 22. Rxd4 Nc6 23. Rd2 Ke7 24. Ne2 e5 25. Nc3 Rd8 26. Nd5+ Kf8 27. Kf2 f6 28.
Rc2 Bf7 29. Rc3 Rc8 30. Nb6 Rd8 31. Bd5 Bxd5 32. exd5 Nb4 33. a5 Ke8 34. Rc7
Nxd5 35. Rxb7 Nf4 36. Nc4 Rd4 37. b3 Nd3+ 38. Kg3 Nc5 39. Rxg7 Nxb3 40. Ne3 Rd7
41. Rg8+ Kf7 42. Ra8 Nxa5 1/2-1/2

[Event "51st World Juniors"]
[Site "Athens GRE"]
[Date "2012.08.15"]
[Round "13.2"]
[White "Ipatov, Alexander"]
[Black "Shimanov, Aleksandr"]
[Result "1/2-1/2"]
[WhiteTitle "GM"]
[BlackTitle "GM"]
[WhiteElo "2577"]
[BlackElo "2596"]
[WhiteFideId "14116731"]
[BlackFideId "4198603"]
[EventDate "2012.08.02"]

1. d4 Nf6 2. c4 g6 3. g3 Bg7 4. Bg2 c5 5. Nf3 Qa5+ 6. Nbd2 cxd4 7. Nxd4 Nc6 8.
Nxc6 bxc6 9. O-O O-O 10. a3 Qc7 11. Qc2 d6 12. Rb1 Bg4 13. h3 Bd7 14. b4 h5 15.
Bb2 e5 16. Rfd1 Rad8 17. Qc3 h4 18. g4 Nh7 19. Ne4 f5 20. Nxd6 fxg4 21. c5 Ng5
22. Qe3 Ne6 23. Bxe5 gxh3 24. Bxh3 Bxe5 25. Bxe6+ Bxe6 26. Qxe5 Bd5 27. Rxd5
cxd5 28. Qxd5+ Kg7 29. Qe5+ Kg8 30. Qd5+ Kg7 31. Qd4+ Kg8 32. Qxh4 Qg7 33. Qc4+
Kh8 34. Rb3 Qh6 35. Rg3 Kh7 36. Qe4 1/2-1/2

[Event "51st World Juniors"]
[Site "Athens GRE"]
[Date "2012.08.15"]
[Round "13.4"]
[White "Grandelius, Nils"]
[Black "Wei, Yi"]
[Result "1-0"]
[WhiteTitle "GM"]
[BlackTitle "FM"]
[WhiteElo "2562"]
[BlackElo "2418"]
[WhiteFideId "1710400"]
[BlackFideId "8603405"]
[EventDate "2012.08.02"]

1. Nf3 Nf6 2. g3 e6 3. Bg2 d5 4. O-O Be7 5. c4 O-O 6. d4 dxc4 7. Qc2 b5 8. a4 b4
9. Nbd2 Bb7 10. Nxc4 c5 11. dxc5 Be4 12. Qb3 Bxc5 13. Bf4 Nc6 14. Be3 Na5 15.
Nxa5 Qxa5 16. Bxc5 Qxc5 17. Rac1 Qd5 18. Qxd5 Bxd5 19. Ne5 Rfc8 20. Bxd5 Nxd5
21. Nc6 f5 22. Rc5 Kf7 23. Rfc1 Kf6 24. f3 Rc7 25. e4 Nb6 26. b3 Nd7 27. e5+ Kg5
28. R5c2 Rac8 29. Nxb4 Rxc2 30. Rxc2 Rb8 31. Nc6 Rxb3 32. Nd4 Rb6 33. Rc7 Rb1+
34. Kg2 Rb2+ 35. Kh3 Nxe5 36. f4+ Kf6 37. fxe5+ Kxe5 38. Nf3+ Kf6 39. Kh4 Rb3
40. Ng5 h6 41. Nh7+ Kg6 42. Nf8+ Kf6 43. Kh5 Rb2 44. h4 e5 45. Ng6 e4 46. Rxa7
e3 47. Nf4 Rd2 48. Ra6+ Kf7 49. Ra5 Kf6 50. Rb5 Rd8 51. Rb6+ Kf7 52. Re6 Rd4 53.
Re5 Kf6 54. Rxe3 Rxa4 55. Nd5+ Kf7 56. Re5 Re4 57. Rxe4 fxe4 58. Nc3 e3 59. Kg4
Kg6 60. Kf4 Kh5 61. Ne2 g6 62. Ng1 1-0

[Event "51st World Juniors"]
[Site "Athens GRE"]
[Date "2012.08.15"]
[Round "13.5"]
[White "Van Kampen, Robin"]
[Black "Yu, Yangyi"]
[Result "1/2-1/2"]
[WhiteTitle "GM"]
[BlackTitle "GM"]
[WhiteElo "2565"]
[BlackElo "2635"]
[WhiteFideId "1020854"]
[BlackFideId "8603820"]
[EventDate "2012.08.02"]

1. e4 c5 2. Nf3 e6 3. d4 cxd4 4. Nxd4 a6 5. Bd3 Bc5 6. Nb3 Be7 7. Qg4 Bf6 8. f4
d6 9. Nc3 Nc6 10. Be3 Nge7 11. O-O O-O 12. Rad1 Qc7 13. Rf3 Bxc3 14. bxc3 f5 15.
Qh5 fxe4 16. Bxe4 Nf5 17. c4 b6 18. g4 g6 19. Qg5 Nxe3 20. Rxe3 Ra7 21. h4 Nd8
22. h5 d5 23. cxd5 Nf7 24. Qf6 Nd6 25. Qg5 Nf7 26. Qf6 Nd6 27. Qg5 Nxe4 28. Rxe4
Qxc2 29. Rde1 Qd3 30. dxe6 Qg3+ 31. Kf1 Bxe6 32. hxg6 Bc4+ 33. Rxc4 Qf3+ 34. Kg1
Qg3+ 35. Kf1 Qf3+ 36. Kg1 Qg3+ 1/2-1/2

[Event "51st World Juniors"]
[Site "Athens GRE"]
[Date "2012.08.15"]
[Round "13.6"]
[White "Cori, Jorge"]
[Black "Huschenbeth, Niclas"]
[Result "0-1"]
[WhiteTitle "GM"]
[BlackTitle "GM"]
[WhiteElo "2487"]
[BlackElo "2532"]
[WhiteFideId "3802272"]
[BlackFideId "24604747"]
[EventDate "2012.08.02"]

1. d4 d5 2. c4 dxc4 3. e3 Nf6 4. Nf3 e6 5. Bxc4 c5 6. O-O a6 7. a4 Nc6 8. Qe2
cxd4 9. Rd1 Be7 10. exd4 O-O 11. Nc3 Nd5 12. Ne4 b6 13. Bd3 Ncb4 14. Bb1 Bb7 15.
Ne5 Rc8 16. Ra3 f5 17. Nc3 Nc2 18. Ra2 Nxd4 19. Rxd4 Nxc3 20. bxc3 Qxd4 21. cxd4
Rxc1+ 22. Qf1 Rxf1+ 23. Kxf1 Rd8 24. Rb2 b5 25. axb5 axb5 26. Ba2 Bd5 27. Bxd5
Rxd5 28. Ke2 g5 29. Nc6 Bf6 30. Ra2 Rd6 31. Ra6 Kf7 32. Ra7+ Kg6 33. Ne7+ Bxe7
34. Rxe7 Rb6 35. Kd3 b4 36. Kc2 b3+ 37. Kb2 h5 38. f3 g4 39. f4 h4 40. g3 h3 41.
Rd7 Rb5 42. Re7 Kf6 43. Rc7 Rb4 44. Rd7 Ra4 45. Kxb3 Ra1 46. Rc7 Rb1+ 47. Ka2
Rd1 48. Kb2 Rxd4 49. Kc2 Ra4 50. Kb3 Ra1 51. Rc2 Rg1 52. Kc3 Rg2 53. Rd2 e5 54.
Rd6+ Ke7 55. fxe5 Rxh2 56. Rh6 f4 57. gxf4 Rf2 58. Rh7+ Kf8 59. Kd4 h2 60. e6 g3
61. Ke5 g2 62. Rh8+ Kg7 63. e7 Re2+ 0-1

[Event "51st World Juniors"]
[Site "Athens GRE"]
[Date "2012.08.15"]
[Round "13.7"]
[White "Indjic, Aleksandar"]
[Black "Grover, Sahaj"]
[Result "1-0"]
[WhiteTitle "IM"]
[BlackTitle "IM"]
[WhiteElo "2481"]
[BlackElo "2516"]
[WhiteFideId "911925"]
[BlackFideId "5021103"]
[EventDate "2012.08.02"]

1. d4 Nf6 2. c4 e6 3. Nf3 d5 4. Nc3 c6 5. e3 Nbd7 6. Qc2 Bd6 7. e4 Nxe4 8. Nxe4
dxe4 9. Qxe4 c5 10. Bg5 Be7 11. Bxe7 Qa5+ 12. Ke2 Kxe7 13. g3 Qb4 14. b3 Qa3 15.
Qc2 b5 16. Bg2 Bb7 17. d5 bxc4 18. dxe6 fxe6 19. Rhd1 Rhf8 20. Rxd7+ Kxd7 21.
Ne5+ Kc7 22. Bxb7 Kxb7 23. Qe4+ Kb8 24. Nxc4 Qa6 25. Rd1 Qb7 26. Qe5+ Qc7 27.
Rd6 Re8 28. Kf1 g6 29. a4 Kc8 30. Qe4 Qb7 31. Rc6+ Kd7 32. Qd3+ 1-0